| 000 | 00574nam a2200193Ia 4500 | ||
|---|---|---|---|
| 003 | IN-BaIIA | ||
| 008 | 211028s9999 xx 000 0 eng d | ||
| 020 | _a1-904687-67-9 | ||
| 040 | _cIIA Library | ||
| 080 |
_a521.1 _bTHE |
||
| 245 | 4 |
_aThe night sky _bdiscovering the universe from alpha centauri to quasars _cedited by Giles Sparrow |
|
| 260 |
_aLondon _bAmber Books _c2006 |
||
| 300 | _a256p. | ||
| 650 |
_aGalaxy _93368 |
||
| 650 | _aStars | ||
| 650 |
_aUniverse _91987 |
||
| 700 |
_aSparrow, Giles ed. _931413 |
||
| 942 | _cBK | ||
| 999 |
_c16822 _d16822 |
||